01546nam a2200385Ia 450000500170000000700030001700800410002002000180006104000350007908200180011410000350013224501310016725000370029826400470033530000550038233600270043733700330046433800280049750000320052552100420055753400280059954500670062765000340069465000270072865000320075565000330078765000260082065000310084670000320087770000470090970000480095694200120100499900150101695201290103120220317001601.0ta210825s20152019sp er 000 0dspa d a9788429126464 aCO-BoRNBPbspaerdacCO-BoRNBP04a330bK78f2221 aKrugman, Paul R.d1953-eautor10aFundamentos de economíacPaul Krugman, Robin Wells, Kathryn Graddy ; traducción de Jimena García-Pardo y Alonso de Ojeda aTercera ediciónbReimpresión 1aBarcelonabEditorial Revertéc2015c2019 axxii, 613 páginasbfotografías a colorc28 cm. atextobtxt2rdacontent asin mediaciónbn2rdamedia avolumenbnc2rdacarrier aIncluye glosario e índice aRecomendado para un público adulto  tEssentials of economics aIncluye datos biográficos de los autores al inicio del texto17aEconomíaxFundamentos2LEMB17aOferta y demanda2LEMB17aModelos económicos 2LEMB17aConsumidoresxDerechos2LEMB17aMacroeconomía2LEMB17aPolítica monetaria2LEMB1 aWells, Robineautora9177161 aGarcía-Pardo, Jimenaetraductora91846391 aJimena Ojeda, Alonso deetraductora9184640 2ddccBK c7443d7443 00102ddc40708GENaMEMAPJGAbMEMAPJGAcGENd2025-07-21l0o330 K78fpMPJG00430r2025-07-21 14:40:02tEj.1w2025-07-21yBK